| 000 | 00969nam a2200313 a 4500 | ||
|---|---|---|---|
| 001 | 22565 | ||
| 003 | SK-KTurca | ||
| 005 | 20260401111942.0 | ||
| 008 | 110523s2010 xo d 000 f slo d | ||
| 020 | _a9788055601977 (brož.) | ||
| 035 | _a(VRT)vtls010200161 | ||
| 040 |
_aTVZK _bslo _cUKB _dSVKBB _eAACR2 |
||
| 041 | 1 |
_aslo _heng |
|
| 044 |
_axo _cSK |
||
| 072 | 7 |
_a821.111(73)-3 _xAmerická próza _2konspekt |
|
| 080 |
_a821.111(73)-31 _22004 |
||
| 080 |
_a(0:82-31) _22004 |
||
| 100 | 1 |
_aBushnell, Candace, _d1958- |
|
| 240 | 1 | 0 |
_aLipstick jungle. _lSlovensky |
| 245 | 1 | 0 |
_aDžungľa rúžov _cCandace Bushnell ; [z anglického originálu preložila Katarína Varsíková] |
| 260 |
_aBratislava _bSlovart _c2010 |
||
| 300 | _a382 s. | ||
| 653 | _a821.111(73)-31 | ||
| 653 | _a(0:82-31) | ||
| 655 | 7 |
_aamerické romány _2UKBPH |
|
| 700 | 1 |
_aVarsiková, Katarína _4trl |
|
| 942 |
_2ddc _cKLDO _n0 |
||
| 999 |
_c22565 _d22565 |
||